[Event "Titled Tuesday intern op 05th Sep Early"]
[Site "Chess.com INT"]
[Date "2023.09.05"]
[Round "5"]
[White "Aguilar, Juan"]
[Black "De Souza, Arthur Olintho"]
[Result "1-0"]
[WhiteElo "2254"]
[BlackElo "2113"]
[PlyCount "65"]
[EventDate "2023.09.05"]
[EventType "swiss (blitz)"]
[EventRounds "11"]
[EventCountry "USA"]
[SourceTitle "EXT 2024"]
[Source "ChessBase"]
[SourceDate "2023.10.10"]
[SourceVersion "1"]
[SourceVersionDate "2023.10.10"]
[SourceQuality "1"]

1. e4 c5 2. Nf3 e6 3. d4 cxd4 4. Nxd4 Nc6 5. Nc3 Nf6 6. Ndb5 d6 7. Bg5 a6 8. Nd4 Be7 9. Nb3 0-0 10. Bd3 b5 11. 0-0 b4 12. Ne2 Ne5 13. Bf4 Bb7 14. f3 Rc8 15. Kh1 Nh5 16. Be3 d5 17. exd5 Bxd5 18. Bxa6 Ra8 19. Bd3 Bd6 20. Bf2 Qg5 21. Ng3 Nf4 22. Be4 Bxe4 23. fxe4 Rfd8 24. Be3 Ng4 25. Qf3 Qh4 26. Bg1 Ng6 27. h3 N6e5 28. Qf4 g5 29. Nf5 exf5 30. Qxf5 Nf3 31. Qxf3 Ne5 32. Qf5 f6 33. Nd4 1-0

[Event "Titled Tuesday intern op 28th Feb Late"]
[Site "Chess.com INT"]
[Date "2023.02.28"]
[Round "5"]
[White "Aguilar, Juan"]
[Black "Martynov, Pavel"]
[Result "0-1"]
[WhiteElo "2254"]
[BlackElo "2414"]
[PlyCount "46"]
[EventDate "2023.02.28"]
[EventType "swiss (blitz)"]
[EventRounds "11"]
[EventCountry "USA"]
[SourceTitle "CBM 213 Extra"]
[Source "ChessBase"]
[SourceDate "2023.05.31"]
[SourceVersion "1"]
[SourceVersionDate "2023.05.31"]
[SourceQuality "1"]

1. Nf3 d5 2. g3 e6 3. Bg2 c5 4. 0-0 Nc6 5. d3 Nf6 6. Nbd2 Be7 7. e4 d4 8. Nc4 b5 9. Nce5 Bb7 10. Nxc6 Bxc6 11. Ne5 Bb7 12. f4 Qc7 13. g4 h5 14. g5 Ng4 15. Nxg4 hxg4 16. Qxg4 0-0-0 17. f5 Qxh2+ 18. Kf2 Rh4 19. Qg3 exf5 20. exf5 Bd6 21. Qxh2 Rxh2 22. Rg1 Re8 23. Bd2 Re5 0-1

[Event "Titled Tuesday intern op 28th Feb Late"]
[Site "Chess.com INT"]
[Date "2023.02.28"]
[Round "3"]
[White "Papasimakopoulos, Alexandros"]
[Black "Aguilar, Juan"]
[Result "0-1"]
[WhiteElo "2356"]
[BlackElo "2254"]
[PlyCount "188"]
[EventDate "2023.02.28"]
[EventType "swiss (blitz)"]
[EventRounds "11"]
[EventCountry "USA"]
[SourceTitle "CBM 213 Extra"]
[Source "ChessBase"]
[SourceDate "2023.05.31"]
[SourceVersion "1"]
[SourceVersionDate "2023.05.31"]
[SourceQuality "1"]

1. d4 g6 2. c4 Bg7 3. e4 d6 4. Nc3 Nc6 5. Nge2 e5 6. Be3 Nf6 7. d5 Ne7 8. Ng3 0-0 9. Be2 h5 10. h4 Ng4 11. Bxg4 Bxg4 12. f3 Bd7 13. Qd2 a6 14. 0-0-0 b5 15. c5 f5 16. Bg5 f4 17. Nge2 b4 18. Nb1 a5 19. c6 Bc8 20. a4 Qe8 21. b3 Nxc6 22. dxc6 Ra6 23. Kb2 Rxc6 24. Rc1 Be6 25. Rxc6 Qxc6 26. Rc1 Qd7 27. Qc2 c5 28. Nd2 Rc8 29. Nc4 Qc7 30. Qd3 d5 31. Nd2 c4 32. bxc4 dxc4 33. Qc2 c3+ 34. Ka1 cxd2 35. Qxc7 Rxc7 36. Rd1 Rc2 37. Kb1 b3 38. Bd8 Bc4 39. Bxa5 Bxe2 40. Rxd2 Rxd2 41. Bxd2 Bc4 42. Bc3 Kf7 43. Kb2 Ke6 44. Ka3 Bf8+ 45. Kb2 Bc5 46. Be1 Bf1 47. g3 Bg2 48. gxf4 exf4 49. Kxb3 Bxf3 50. Kc4 Ba7 51. Kd3 g5 52. hxg5 Kf7 53. Bd2 h4 54. Bxf4 h3 55. a5 Bg4 56. a6 Bc8 57. Ke2 Bxa6+ 58. Kf3 Kg6 59. Kg3 Bc8 60. Kh2 Bd4 61. Kg3 Kh5 62. Bd6 Bc3 63. Bf4 Be1+ 64. Kf3 Kg6 65. Ke2 Bb4 66. Kf3 Bc3 67. Kg3 Kh5 68. Kf3 Bd4 69. Kg3 Bg7 70. Kf3 Kh4 71. Be3 Be6 72. Bf4 Bf7 73. e5 Bf8 74. Kf2 Be7 75. Kf3 Bg6 76. Kf2 Kg4 77. Bh2 Bxg5 78. e6 Bf5 79. Bd6 Bxe6 80. Kg1 Bh4 81. Kh2 Bf5 82. Bc7 Be4 83. Bd6 Bg2 84. Be5 Kf5 85. Bd6 Bf6 86. Kg1 Kg4 87. Bc5 Be5 88. Kf2 Be4 89. Kg1 h2+ 90. Kf2 h1Q 91. Ke3 Qf3+ 92. Kd2 Qd3+ 93. Ke1 Bf3 94. Bf2 Qe2# 0-1

[Event "Titled Tuesday intern op 14th Feb Late"]
[Site "Chess.com INT"]
[Date "2023.02.14"]
[Round "5"]
[White "Aguilar, Juan"]
[Black "Clawitter, Craig"]
[Result "1-0"]
[WhiteElo "2254"]
[BlackElo "2050"]
[PlyCount "89"]
[EventDate "2023.02.14"]
[EventType "swiss (blitz)"]
[EventRounds "11"]
[EventCountry "USA"]
[SourceTitle "CBM 212 Extra"]
[Source "ChessBase"]
[SourceDate "2023.03.31"]
[SourceVersion "1"]
[SourceVersionDate "2023.03.31"]
[SourceQuality "1"]

1. c4 e6 2. Nf3 d5 3. d4 Nf6 4. g3 Be7 5. Bg2 0-0 6. 0-0 dxc4 7. Qc2 a6 8. a4 Bd7 9. Qxc4 Bc6 10. Bf4 a5 11. Nc3 Na6 12. Rfd1 Nb4 13. Rac1 Rc8 14. Ne5 Bxg2 15. Kxg2 Nfd5 16. Bd2 Nb6 17. Qb3 Qxd4 18. Bf4 Qc5 19. Nb5 Nc2 20. Rxc2 Qb4 21. Qxb4 Bxb4 22. b3 c6 23. Nc3 Rfd8 24. Rxd8+ Rxd8 25. Ne4 f6 26. Nd3 e5 27. Be3 Nd5 28. Bc5 Kf7 29. Nd6+ Rxd6 30. Bxd6 Bxd6 31. e4 Nb4 32. Nxb4 Bxb4 33. f4 exf4 34. gxf4 g5 35. fxg5 fxg5 36. Kf3 h5 37. h3 Ke6 38. Rg2 Be7 39. Ke3 Ke5 40. Kd3 b5 41. Rf2 Ke6 42. Rf5 bxa4 43. bxa4 c5 44. Kc4 h4 45. Kb5 1-0

[Event "Titled Tuesday intern op 07th Feb Late"]
[Site "Chess.com INT"]
[Date "2023.02.07"]
[Round "4"]
[White "Aguilar, Juan"]
[Black "Necula, Iulian"]
[Result "1-0"]
[WhiteElo "2254"]
[BlackElo "1882"]
[PlyCount "77"]
[EventDate "2023.02.07"]
[EventType "swiss (blitz)"]
[EventRounds "11"]
[EventCountry "USA"]
[SourceTitle "EXT 2024"]
[Source "ChessBase"]
[SourceDate "2023.10.10"]
[SourceVersion "1"]
[SourceVersionDate "2023.10.10"]
[SourceQuality "1"]

1. Nf3 f5 2. g3 Nf6 3. Bg2 g6 4. 0-0 Bg7 5. d3 d6 6. c4 e5 7. Nc3 0-0 8. b4 c6 9. b5 Bd7 10. a4 a5 11. Ba3 Be8 12. Rb1 h6 13. Qb3 Kh7 14. e3 Rf7 15. c5 cxb5 16. axb5 e4 17. dxe4 fxe4 18. Nd4 dxc5 19. Ne6 Qc8 20. Nxg7 Kxg7 21. Nd5 Nxd5 22. Qxd5 Qf5 23. Bb2+ Kh7 24. Qc4 Re7 25. Qc3 Qe5 26. Qxe5 Rxe5 27. Bxe5 Nd7 28. Bc3 Rc8 29. Bxe4 b6 30. Rfd1 Nf8 31. Rd6 Bf7 32. h4 Ne6 33. h5 Ng5 34. hxg6+ Bxg6 35. Bxg6+ Kg8 36. Kg2 a4 37. Rbd1 a3 38. Rd8+ Rxd8 39. Rxd8# 1-0

[Event "Titled Tuesday intern op 24th Jan Late"]
[Site "Chess.com INT"]
[Date "2023.01.24"]
[Round "2"]
[White "Aguilar, Juan"]
[Black "Michalski, Olaf"]
[Result "1-0"]
[WhiteElo "2254"]
[BlackElo "2273"]
[PlyCount "55"]
[EventDate "2023.01.24"]
[EventType "swiss (blitz)"]
[EventRounds "11"]
[EventCountry "USA"]
[SourceTitle "EXT 2024"]
[Source "ChessBase"]
[SourceDate "2023.10.10"]
[SourceVersion "1"]
[SourceVersionDate "2023.10.10"]
[SourceQuality "1"]

1. g3 d6 2. Bg2 e5 3. d3 f5 4. Nf3 Nf6 5. 0-0 Be7 6. c4 0-0 7. Nc3 Qe8 8. b4 a5 9. b5 Nbd7 10. a4 Nc5 11. Ba3 Nfd7 12. e3 e4 13. dxe4 fxe4 14. Nd4 Bf6 15. Nd5 Bd8 16. Qc2 Ne5 17. Rab1 Bg4 18. b6 c6 19. Nc7 Bxc7 20. bxc7 Qc8 21. Bxc5 dxc5 22. Nb3 Nf3+ 23. Kh1 Qxc7 24. Nxc5 b6 25. Nxe4 Ne5 26. f4 Nd7 27. c5 Bf5 28. Qb3+ 1-0

[Event "Titled Tuesday intern op 24th Jan Late"]
[Site "Chess.com INT"]
[Date "2023.01.24"]
[Round "7"]
[White "Aguilar, Juan"]
[Black "Pasti, Aron"]
[Result "1-0"]
[WhiteElo "2254"]
[BlackElo "2381"]
[PlyCount "75"]
[EventDate "2023.01.24"]
[EventType "swiss (blitz)"]
[EventRounds "11"]
[EventCountry "USA"]
[SourceTitle "EXT 2024"]
[Source "ChessBase"]
[SourceDate "2023.10.10"]
[SourceVersion "1"]
[SourceVersionDate "2023.10.10"]
[SourceQuality "1"]

1. g3 d5 2. Bg2 Nf6 3. d3 e6 4. Nf3 Bd6 5. 0-0 c6 6. Nbd2 Nbd7 7. e4 0-0 8. Re1 e5 9. c3 Re8 10. a4 Nc5 11. Qc2 a5 12. Nb3 Nxb3 13. Qxb3 h6 14. h3 Qc7 15. Bd2 Be6 16. Qc2 Nd7 17. Nh4 b5 18. exd5 cxd5 19. axb5 Rab8 20. Qa4 Nc5 21. Qxa5 Qxa5 22. Rxa5 Nxd3 23. Rb1 Bc7 24. Ra7 Bb6 25. Ra6 Bxf2+ 26. Kh2 e4 27. Bf1 Nc5 28. b4 Nxa6 29. bxa6 e3 30. Be1 Bf5 31. Nxf5 Rec8 32. b5 Bxe1 33. Ne7+ Kf8 34. Nxc8 Bxc3 35. Nd6 Bd4 36. Bd3 Bb6 37. Rc1 Ke7 38. Nc8+ 1-0

[Event "Titled Tuesday intern op 24th Jan Late"]
[Site "Chess.com INT"]
[Date "2023.01.24"]
[Round "4"]
[White "Bongo Akanga Ndjila, Barthelemy"]
[Black "Aguilar, Juan"]
[Result "1/2-1/2"]
[WhiteElo "1811"]
[BlackElo "2254"]
[PlyCount "118"]
[EventDate "2023.01.24"]
[EventType "swiss (blitz)"]
[EventRounds "11"]
[EventCountry "USA"]
[SourceTitle "EXT 2024"]
[Source "ChessBase"]
[SourceDate "2023.10.10"]
[SourceVersion "1"]
[SourceVersionDate "2023.10.10"]
[SourceQuality "1"]

1. d4 g6 2. Nf3 Bg7 3. Bg5 d6 4. e3 h6 5. Bh4 c5 6. c3 Qb6 7. Qc1 g5 8. Bg3 Nf6 9. Nbd2 cxd4 10. cxd4 Nc6 11. Be2 Bf5 12. a3 0-0 13. b4 Rac8 14. Qb2 e5 15. dxe5 Nh5 16. 0-0 Nxg3 17. hxg3 Nxe5 18. Nd4 Bg6 19. Rac1 Nd3 20. Bxd3 Bxd3 21. Rxc8 Rxc8 22. Rc1 Re8 23. N2b3 Qd8 24. Qc3 Bg6 25. Qc7 Be4 26. Nb5 Bd5 27. Na5 Qxc7 28. Rxc7 b6 29. Nb7 Rb8 30. N7xd6 a5 31. bxa5 bxa5 32. a4 Bf8 33. Nf5 Bb3 34. Nc3 Bb4 35. Ne4 Bxa4 36. Nxh6+ Kg7 37. Nf5+ Kg6 38. Ne7+ Bxe7 39. Rxe7 Rb1+ 40. Kh2 Bc6 41. Nc5 a4 42. Rc7 Bd5 43. Ra7 Rf1 44. e4 Bc4 45. f3 Rf2 46. Rxa4 Be6 47. Nxe6 fxe6 48. g4 Kf6 49. Ra5 Rc2 50. Kg3 Rc8 51. Ra7 Rc3 52. Rh7 Rb3 53. Rh6+ Kf7 54. Kf2 Rc3 55. g3 Rb3 56. Rh7+ Kf6 57. Rh6+ Kf7 58. Kg2 Rc3 59. Kf2 Rb3 1/2-1/2

[Event "Titled Tuesday intern op 17th Jan Late"]
[Site "Chess.com INT"]
[Date "2023.01.17"]
[Round "3"]
[White "Mione, Dario"]
[Black "Aguilar, Juan"]
[Result "0-1"]
[WhiteElo "2228"]
[BlackElo "2254"]
[PlyCount "60"]
[EventDate "2023.01.17"]
[EventType "swiss (blitz)"]
[EventRounds "11"]
[EventCountry "USA"]
[SourceTitle "CBM 212 Extra"]
[Source "ChessBase"]
[SourceDate "2023.03.31"]
[SourceVersion "1"]
[SourceVersionDate "2023.03.31"]
[SourceQuality "1"]

1. e4 g6 2. d4 Bg7 3. Nc3 d6 4. Be3 a6 5. Qd2 b5 6. f4 Bb7 7. Bd3 Nd7 8. Nce2 Ngf6 9. Ng3 h5 10. h3 h4 11. e5 hxg3 12. exf6 Nxf6 13. 0-0-0 Ne4 14. Qe1 Qd7 15. Bxe4 Bxe4 16. Qxg3 Qc6 17. Rd2 a5 18. Nf3 a4 19. Ng5 Bd5 20. Kb1 a3 21. c4 bxc4 22. f5 axb2 23. fxg6 fxg6 24. Rxb2 c3 25. Rc1 Be4+ 26. Nxe4 Qxe4+ 27. Rbc2 Rh5 28. Ka1 Rha5 29. Qg4 Qd5 30. Qxg6+ Kd8 0-1

[Event "Titled Tuesday intern op 17th Jan Late"]
[Site "Chess.com INT"]
[Date "2023.01.17"]
[Round "5"]
[White "Pace, Christopher"]
[Black "Aguilar, Juan"]
[Result "1-0"]
[WhiteElo "2053"]
[BlackElo "2254"]
[PlyCount "91"]
[EventDate "2023.01.17"]
[EventType "swiss (blitz)"]
[EventRounds "11"]
[EventCountry "USA"]
[SourceTitle "CBM 212 Extra"]
[Source "ChessBase"]
[SourceDate "2023.03.31"]
[SourceVersion "1"]
[SourceVersionDate "2023.03.31"]
[SourceQuality "1"]

1. d4 g6 2. e4 Bg7 3. Nc3 d6 4. Be3 a6 5. a4 b6 6. Qd2 Nd7 7. f4 Bb7 8. Nf3 e6 9. Bd3 Ne7 10. 0-0 c5 11. e5 cxd4 12. Bxd4 Nc6 13. Ne4 Nxd4 14. Nxd6+ Kf8 15. Nxd4 Qc7 16. Nxb7 Qxb7 17. b4 Rd8 18. Qe3 Nb8 19. Be4 Qc7 20. Rad1 h5 21. Bxg6 Rxd4 22. Qxd4 fxg6 23. Qd8+ Qxd8 24. Rxd8+ Kf7 25. Rxh8 Bxh8 26. Rd1 Bg7 27. Rd6 b5 28. Rb6 Nd7 29. Rxa6 bxa4 30. Rxa4 Bh6 31. Ra7 Ke8 32. g3 g5 33. Ra8+ Ke7 34. Rh8 Bf8 35. Rh7+ Kd8 36. Rxh5 gxf4 37. gxf4 Bxb4 38. Kf2 Nc5 39. Kf3 Ke7 40. Rh7+ Kf8 41. Ra7 Be1 42. Rc7 Bb4 43. h4 Ke8 44. h5 Nd7 45. h6 Bf8 46. h7 1-0

[Event "Titled Tuesday intern op 17th Jan Late"]
[Site "Chess.com INT"]
[Date "2023.01.17"]
[Round "7"]
[White "Ward, Ieuan C"]
[Black "Aguilar, Juan"]
[Result "0-1"]
[WhiteElo "2028"]
[BlackElo "2254"]
[PlyCount "80"]
[EventDate "2023.01.17"]
[EventType "swiss (blitz)"]
[EventRounds "11"]
[EventCountry "USA"]
[SourceTitle "CBM 212 Extra"]
[Source "ChessBase"]
[SourceDate "2023.03.31"]
[SourceVersion "1"]
[SourceVersionDate "2023.03.31"]
[SourceQuality "1"]

1. e4 g6 2. Nf3 Bg7 3. d4 d6 4. Nc3 Nf6 5. Bd3 c6 6. Bg5 Qc7 7. 0-0 0-0 8. Qd2 e5 9. Bh6 Nbd7 10. Bxg7 Kxg7 11. a4 a5 12. Rad1 Re8 13. h3 Nh5 14. Ne2 Nf8 15. dxe5 dxe5 16. Bc4 Ne6 17. Qd6 Qxd6 18. Rxd6 Nhf4 19. Nxf4 Nxf4 20. c3 Be6 21. Bxe6 Rxe6 22. Rxe6 Nxe6 23. Nxe5 Nc5 24. Nc4 Nxa4 25. Ra1 b5 26. Ra2 Nc5 27. Rxa5 Re8 28. f3 Nd3 29. Nd6 Re6 30. Nb7 Nxb2 31. Ra6 Nd1 32. Nd8 Rd6 33. Nxc6 Nxc3 34. Nb4 Rxa6 35. Nxa6 Kf6 36. f4 Nxe4 37. Kf1 Kf5 38. Nc7 Kxf4 39. Ke2 Kg3 40. Ke3 Nd6 0-1

[Event "Titled Tuesday intern op 10th Jan Late"]
[Site "Chess.com INT"]
[Date "2023.01.10"]
[Round "4"]
[White "Colivet Gamboa, Julio Cesar"]
[Black "Aguilar, Juan"]
[Result "1-0"]
[WhiteElo "1844"]
[BlackElo "2254"]
[PlyCount "81"]
[EventDate "2023.01.10"]
[EventType "swiss (blitz)"]
[EventRounds "11"]
[EventCountry "USA"]
[SourceTitle "EXT 2024"]
[Source "ChessBase"]
[SourceDate "2023.10.10"]
[SourceVersion "1"]
[SourceVersionDate "2023.10.10"]
[SourceQuality "1"]

1. c4 g6 2. Nc3 Bg7 3. g3 d6 4. Bg2 Nf6 5. e4 0-0 6. Nge2 e5 7. 0-0 Nc6 8. d3 Bd7 9. h3 Qc8 10. Kh2 Nd4 11. Be3 c5 12. f4 h5 13. Qd2 h4 14. g4 exf4 15. Bxf4 Ne8 16. Nd5 Nc6 17. Nec3 Be6 18. Bh6 Qd7 19. Qg5 Qd8 20. Qd2 Be5+ 21. Kh1 a6 22. a4 Nd4 23. Bxf8 Kxf8 24. Qf2 Qg5 25. Rab1 Rd8 26. b4 Rd7 27. bxc5 dxc5 28. Rb6 Bxd5 29. Nxd5 Kg7 30. a5 Nc7 31. Rxb7 Nxd5 32. Rxd7 Nf4 33. Rd5 Nde6 34. Rd7 Kh6 35. Rxf7 Qd8 36. Qd2 g5 37. Rf5 Qd4 38. Qf2 Qxd3 39. Rxe5 Qxc4 40. Rd5 Qc3 41. Qf3 1-0

[Event "Titled Tuesday intern op 03rd Jan Late"]
[Site "Chess.com INT"]
[Date "2023.01.03"]
[Round "1"]
[White "Duda, Jan Krzysztof"]
[Black "Aguilar, Juan"]
[Result "1-0"]
[WhiteElo "2729"]
[BlackElo "2254"]
[PlyCount "53"]
[EventDate "2023.01.03"]
[EventType "swiss (blitz)"]
[EventRounds "11"]
[EventCountry "USA"]
[SourceTitle "EXT 2024"]
[Source "ChessBase"]
[SourceDate "2023.10.10"]
[SourceVersion "1"]
[SourceVersionDate "2023.10.10"]
[SourceQuality "1"]

1. e4 g6 2. d4 Bg7 3. c4 Nc6 4. Be3 e5 5. d5 Nd4 6. Nf3 c5 7. Bd3 d6 8. Nxd4 cxd4 9. Bd2 f5 10. f3 Nf6 11. 0-0 0-0 12. Na3 f4 13. b4 g5 14. c5 g4 15. Nb5 dxc5 16. bxc5 g3 17. h3 Nh5 18. Nd6 Bxh3 19. gxh3 g2 20. Rf2 Qh4 21. Rxg2 Qxh3 22. Nf5 Rxf5 23. exf5 Kh8 24. Qf1 Ng3 25. Rh2 Nxf1 26. Rxh3 Nxd2 27. Rd1 1-0

[Event "Titled Tuesday intern op 27th Dec Late"]
[Site "Chess.com INT"]
[Date "2022.12.27"]
[Round "8"]
[White "Aguilar, Juan"]
[Black "Rosen, Eric S"]
[Result "1/2-1/2"]
[WhiteElo "2254"]
[BlackElo "2356"]
[PlyCount "204"]
[EventDate "2022.12.27"]
[EventType "swiss (blitz)"]
[EventRounds "11"]
[EventCountry "USA"]
[SourceTitle "EXT 2024"]
[Source "ChessBase"]
[SourceDate "2023.10.10"]
[SourceVersion "1"]
[SourceVersionDate "2023.10.10"]
[SourceQuality "1"]

1. g3 d5 2. Bg2 Nf6 3. d3 e6 4. Nf3 Be7 5. 0-0 0-0 6. Nbd2 b6 7. e4 dxe4 8. Ng5 Bb7 9. Ngxe4 Nxe4 10. Nxe4 Qc8 11. Qf3 Kh8 12. Qh5 Nd7 13. Bg5 Bxg5 14. Nxg5 Nf6 15. Qh4 Bxg2 16. Kxg2 Qb7+ 17. Kg1 c5 18. Rae1 Kg8 19. Ne4 Nxe4 20. Qxe4 Qd7 21. f4 g6 22. b3 Rad8 23. a4 Qd4+ 24. Kg2 Rd5 25. Qxd4 cxd4 26. Rf2 Rc8 27. Re5 Rd6 28. Kf3 Rdc6 29. Ree2 Kf8 30. g4 Rc5 31. h3 Ke7 32. Ke4 Rd8 33. f5 gxf5+ 34. gxf5 Rdd5 35. f6+ Kd6 36. b4 Rc7 37. Rg2 Rh5 38. Rg7 Rh4+ 39. Rg4 Rxh3 40. Kxd4 Rf3 41. Rg7 Rxf6 42. Rxh7 Rf4+ 43. Re4 Rf2 44. c4 Rb2 45. b5 Ra2 46. Rg4 Rxa4 47. Rgg7 Ra1 48. Rxf7 Rxf7 49. Rxf7 e5+ 50. Kc3 Rc1+ 51. Kd2 Ra1 52. Rf5 Ke6 53. Rh5 Ra3 54. Ke3 Ra1 55. Rh6+ Kd7 56. Ke4 Re1+ 57. Kd5 Re3 58. Rh7+ Kd8 59. Rxa7 Rxd3+ 60. Kxe5 Kc8 61. Rh7 Rd1 62. Rh4 Kc7 63. Rh7+ Kc8 64. Rh6 Kc7 65. Rg6 Rd2 66. Rg7+ Kc8 67. Ke4 Rd1 68. Ke3 Rd6 69. Rg5 Rd1 70. Rd5 Rc1 71. Kd4 Kc7 72. Rh5 Rd1+ 73. Kc3 Rc1+ 74. Kd3 Rd1+ 75. Kc2 Rg1 76. Kc3 Rc1+ 77. Kd3 Rd1+ 78. Kc2 Rg1 79. Rh6 Kb7 80. Rd6 Rg2+ 81. Kc3 Rg1 82. Rd5 Rc1+ 83. Kd3 Re1 84. c5 Rd1+ 85. Kc4 Rc1+ 86. Kb4 Rb1+ 87. Kc4 Rc1+ 88. Kb4 Rb1+ 89. Kc4 bxc5 90. Kxc5 Rc1+ 91. Kb4 Rb1+ 92. Kc4 Rc1+ 93. Kb4 Rb1+ 94. Kc4 Rc1+ 95. Kd4 Kb6 96. Re5 Rd1+ 97. Ke4 Re1+ 98. Kf4 Rf1+ 99. Kg5 Rg1+ 100. Kf6 Rb1 101. Ke6 Rxb5 102. Rxb5+ Kxb5 1/2-1/2

[Event "Titled Tuesday intern op 27th Dec Late"]
[Site "Chess.com INT"]
[Date "2022.12.27"]
[Round "4"]
[White "Shtompel, Yuriy"]
[Black "Aguilar, Juan"]
[Result "0-1"]
[WhiteElo "1938"]
[BlackElo "2254"]
[PlyCount "82"]
[EventDate "2022.12.27"]
[EventType "swiss (blitz)"]
[EventRounds "11"]
[EventCountry "USA"]
[SourceTitle "EXT 2024"]
[Source "ChessBase"]
[SourceDate "2023.10.10"]
[SourceVersion "1"]
[SourceVersionDate "2023.10.10"]
[SourceQuality "1"]

1. e4 g6 2. d4 Bg7 3. Nc3 d6 4. Be3 a6 5. a4 b6 6. Qd2 Bb7 7. f3 Nd7 8. h4 h6 9. Bc4 e6 10. Nge2 Ne7 11. g4 c5 12. dxc5 Ne5 13. 0-0-0 Nxc4 14. Qd3 Nxe3 15. Qxe3 bxc5 16. f4 0-0 17. f5 exf5 18. gxf5 Nc6 19. Rhg1 Ne5 20. Nf4 Qb6 21. Qe2 Rab8 22. b3 c4 23. Ncd5 Bxd5 24. Nxd5 Qc5 25. f6 cxb3 26. fxg7 b2+ 27. Kb1 Qa3 28. c4 Qa1+ 29. Kc2 Qxa4+ 30. Kd2 Nxc4+ 31. Ke1 b1Q 32. Ne7+ Kxg7 33. Nf5+ Kh7 34. Kf2 Qb6+ 35. Kf3 Qab3+ 36. Kg4 Ne5+ 37. Kf4 gxf5 38. Kxf5 Qe6+ 39. Kf4 Ng6+ 40. Kg3 Qbb3+ 41. Kh2 Qeh3# 0-1

[Event "Titled Tuesday intern op 06th Dec Late"]
[Site "Chess.com INT"]
[Date "2022.12.06"]
[Round "1"]
[White "Aguilar, Juan"]
[Black "Bortnyk, Olexandr"]
[Result "0-1"]
[WhiteElo "2254"]
[BlackElo "2604"]
[PlyCount "144"]
[EventDate "2022.12.06"]
[EventType "swiss (blitz)"]
[EventRounds "11"]
[EventCountry "USA"]
[SourceTitle "CBM 211 Extra"]
[Source "ChessBase"]
[SourceDate "2023.01.31"]
[SourceVersion "1"]
[SourceVersionDate "2023.01.31"]
[SourceQuality "1"]

1. d4 d6 2. c4 e5 3. Nf3 e4 4. Ng5 f5 5. Nh3 Nf6 6. Nf4 g6 7. e3 Bh6 8. g3 0-0 9. Nc3 c6 10. d5 Qe7 11. Bd2 Nbd7 12. Ne6 Ne5 13. Nxf8 Nf3+ 14. Ke2 Kxf8 15. h3 cxd5 16. cxd5 b6 17. a4 Ba6+ 18. Nb5 Nxd5 19. Qb3 Qe6 20. Ra3 Rc8 21. Bg2 Rc4 22. Rc1 Rxc1 23. Bxc1 Bg7 24. Bd2 Bf6 25. Bb4 Be7 26. Kd1 Qe5 27. Bxf3 exf3 28. Bc3 Qe4 29. Qc2 h5 30. Qxe4 fxe4 31. Nxa7 Nxe3+ 32. Kc1 Nc4 33. Rb3 e3 34. Be1 Bg5 35. fxe3 Bxe3+ 36. Kd1 Ke8 37. Nb5 f2 38. Bxf2 Bxb5 39. axb5 Bxf2 40. Ke2 Bc5 41. Rc3 Nxb2 42. Rf3 Nc4 43. Rf6 Ne5 44. g4 hxg4 45. hxg4 Ke7 46. g5 Ba3 47. Rf1 Ke6 48. Ke3 Kd5 49. Rd1+ Ke6 50. Ke4 Bc5 51. Ra1 Nf7 52. Kf4 Bd4 53. Ra8 Be5+ 54. Kg4 Bd4 55. Rb8 Ne5+ 56. Kf4 Kd5 57. Rf8 Bc5 58. Rf6 Kc4 59. Ke4 Kxb5 60. Kd5 Ka4 61. Rf1 b5 62. Ra1+ Kb4 63. Rb1+ Ka5 64. Ra1+ Kb6 65. Rb1 b4 66. Ke6 Kb5 67. Kf6 Kc4 68. Rh1 b3 69. Rc1+ Kd3 70. Ke6 b2 71. Rb1 Kc2 72. Re1 b1Q 0-1

[Event "Titled Tuesday intern op 06th Dec Late"]
[Site "Chess.com INT"]
[Date "2022.12.06"]
[Round "2"]
[White "Bernat, David"]
[Black "Aguilar, Juan"]
[Result "0-1"]
[WhiteElo "1862"]
[BlackElo "2254"]
[PlyCount "80"]
[EventDate "2022.12.06"]
[EventType "swiss (blitz)"]
[EventRounds "11"]
[EventCountry "USA"]
[SourceTitle "CBM 211 Extra"]
[Source "ChessBase"]
[SourceDate "2023.01.31"]
[SourceVersion "1"]
[SourceVersionDate "2023.01.31"]
[SourceQuality "1"]

1. c4 e5 2. Nc3 Nf6 3. g3 c6 4. Nf3 e4 5. Nd4 d5 6. cxd5 Qb6 7. Nb3 cxd5 8. Bg2 Nc6 9. d3 exd3 10. Qxd3 Be6 11. 0-0 Be7 12. Be3 Qd8 13. Rfd1 0-0 14. Qb5 Qc7 15. Bf4 Qb6 16. Qxb6 axb6 17. Nxd5 Nxd5 18. Bxd5 Bxd5 19. Rxd5 Bf6 20. Rd7 Bxb2 21. Rb1 Bf6 22. Rxb7 Rxa2 23. Rxb6 Nd4 24. Nc1 Nxe2+ 25. Nxe2 Rxe2 26. Rb8 h5 27. Rxf8+ Kxf8 28. Rb8+ Ke7 29. Rb7+ Ke6 30. Rb6+ Kf5 31. Rb5+ Ke4 32. Kf1 Ra2 33. Rxh5 Kf3 34. Ke1 Rxf2 35. h4 Bc3+ 36. Kd1 Ke4 37. Rc5 Kd3 38. Rd5+ Bd4 39. Ke1 Rg2 40. Be5 Rg1# 0-1

[Event "Titled Tuesday intern op 29th Nov Late"]
[Site "Chess.com INT"]
[Date "2022.11.29"]
[Round "8"]
[White "Aguilar, Juan"]
[Black "Di Berardino, Diego Rafael"]
[Result "1-0"]
[WhiteElo "2254"]
[BlackElo "2467"]
[PlyCount "93"]
[EventDate "2022.11.29"]
[EventType "swiss (blitz)"]
[EventRounds "11"]
[EventCountry "USA"]
[SourceTitle "EXT 2024"]
[Source "ChessBase"]
[SourceDate "2023.10.10"]
[SourceVersion "1"]
[SourceVersionDate "2023.10.10"]
[SourceQuality "1"]

1. d4 Nf6 2. c4 e6 3. Nf3 d5 4. g3 Be7 5. Bg2 0-0 6. 0-0 dxc4 7. Qc2 a6 8. a4 Bd7 9. Qxc4 Bc6 10. Bf4 a5 11. Nc3 Na6 12. Rfe1 Nb4 13. Qb3 Bd5 14. Qd1 Ne4 15. Qb1 Nd6 16. e4 Bb3 17. Rc1 Nc4 18. Bf1 g5 19. Be3 g4 20. Nd2 Nxd2 21. Bxd2 Qxd4 22. Be3 Qe5 23. Ra3 Bc2 24. Rxc2 Nxc2 25. Qxc2 Bxa3 26. bxa3 c6 27. Ne2 Rfd8 28. Nf4 Qa1 29. Kg2 Qd1 30. Qc3 Qf3+ 31. Kg1 Rd1 32. Nh5 Rxf1+ 33. Kxf1 Qd1+ 34. Qe1 Qxe1+ 35. Kxe1 b5 36. Nf6+ Kf8 37. Nxg4 bxa4 38. Bc5+ Ke8 39. Nf6+ Kd8 40. Nxh7 Rb8 41. Ng5 Ke8 42. h4 Rb1+ 43. Ke2 Rc1 44. Bd4 c5 45. Kd2 Rc4 46. Bc3 f5 47. h5 1-0

[Event "Titled Tuesday intern op 29th Nov Late"]
[Site "Chess.com INT"]
[Date "2022.11.29"]
[Round "7"]
[White "Aguilar, Juan"]
[Black "Hoffmann, Asa"]
[Result "1-0"]
[WhiteElo "2254"]
[BlackElo "2185"]
[PlyCount "101"]
[EventDate "2022.11.29"]
[EventType "swiss (blitz)"]
[EventRounds "11"]
[EventCountry "USA"]
[SourceTitle "EXT 2024"]
[Source "ChessBase"]
[SourceDate "2023.10.10"]
[SourceVersion "1"]
[SourceVersionDate "2023.10.10"]
[SourceQuality "1"]

1. d4 Nf6 2. c4 c5 3. d5 e5 4. Nc3 d6 5. e4 Be7 6. Nf3 Nbd7 7. g3 0-0 8. h4 h6 9. Bh3 b5 10. cxb5 a6 11. Bf1 Qa5 12. Bd2 axb5 13. Nxb5 Qb6 14. Qc2 Ba6 15. Nc3 c4 16. Be2 Nc5 17. 0-0 Nd3 18. Be3 Qxb2 19. Bxd3 Qa3 20. Be2 Ng4 21. Bc1 Qc5 22. a4 Rab8 23. Ba3 Qa5 24. Rfb1 f5 25. Nb5 Rfc8 26. Bb4 Qb6 27. Be1 f4 28. Nbd4 Qa7 29. Nc6 Qc7 30. Nxb8 Rxb8 31. Rxb8+ Qxb8 32. Rb1 Qc8 33. gxf4 exf4 34. e5 Nxe5 35. Nxe5 dxe5 36. Rb6 Bb7 37. Qxc4 Qa8 38. Rxb7 Qxb7 39. d6+ Kf8 40. dxe7+ Kxe7 41. Bb4+ Kf6 42. a5 g5 43. a6 Qa7 44. Bd3 gxh4 45. Qe4 Ke6 46. Qf5+ Kd5 47. Qe4+ Ke6 48. Qc6+ Kf7 49. Qb7+ Qxb7 50. axb7 e4 51. Bxe4 1-0